000 00422nam a2200157Ia 4500
008 100122s9999 xx 000 0 und d
082 _b14055
_a50
245 _aऔदुंबर -2008
250 _a0
300 _a148
520 _aदिवाळी अंक - 2006
620 _aदिवाळी अंक - 2006
630 _aऔदुंबर -2008
730 _aऔदुंबर -2008
942 _cBOOK
999 _c387572
_d387569